Tình yêu không phải là tất cả : Tập truyện ngắn

সংরক্ষণ করুন:
গ্রন্থ-পঞ্জীর বিবরন
বিন্যাস: গ্রন্থ
ভাষা:Undetermined
প্রকাশিত: Hà Nội Sinh viên Việt Nam-Hoa học trò 2015
বিষয়গুলি:
ট্যাগগুলো: ট্যাগ যুক্ত করুন
কোনো ট্যাগ নেই, প্রথমজন হিসাবে ট্যাগ করুন!
Thư viện lưu trữ: Trung tâm Học liệu Trường Đại học Cần Thơ
LEADER 00652nam a2200205Ia 4500
001 CTU_196604
008 210402s9999 xx 000 0 und d
020 |c 75000 
082 |a 895.922301 
082 |b T312 
245 0 |a Tình yêu không phải là tất cả : 
245 0 |b Tập truyện ngắn 
245 0 |c Nhiều tác giả 
260 |a Hà Nội 
260 |b Sinh viên Việt Nam-Hoa học trò 
260 |c 2015 
650 |a Short stories, vietnamese,Truyện ngắn, Việt Nam 
650 |x Collections,Sưu tập 
904 |i Tuyến 
980 |a Trung tâm Học liệu Trường Đại học Cần Thơ